<?xml version="1.0" encoding="UTF-8"?>
<record
    xmlns:xsi="http://www.w3.org/2001/XMLSchema-instance"
    xsi:schemaLocation="http://www.loc.gov/MARC21/slim http://www.loc.gov/standards/marcxml/schema/MARC21slim.xsd"
    xmlns="http://www.loc.gov/MARC21/slim">

  <leader>02896nam a2200433Ia 4500</leader>
  <datafield tag="952" ind1=" " ind2=" ">
    <subfield code="0">0</subfield>
    <subfield code="1">0</subfield>
    <subfield code="4">0</subfield>
    <subfield code="7">0</subfield>
    <subfield code="a">04</subfield>
    <subfield code="b">04</subfield>
    <subfield code="d">2011-06-07</subfield>
    <subfield code="l">0</subfield>
    <subfield code="o">Q180.A1 P76 1990</subfield>
    <subfield code="p">04 003351</subfield>
    <subfield code="r">2013-05-22</subfield>
    <subfield code="t">1</subfield>
    <subfield code="w">2012-06-24</subfield>
    <subfield code="y">LB</subfield>
  </datafield>
  <datafield tag="952" ind1=" " ind2=" ">
    <subfield code="0">0</subfield>
    <subfield code="1">0</subfield>
    <subfield code="4">0</subfield>
    <subfield code="7">0</subfield>
    <subfield code="a">04</subfield>
    <subfield code="b">04</subfield>
    <subfield code="d">2011-06-07</subfield>
    <subfield code="l">0</subfield>
    <subfield code="o">Q180.A1 P76 1990</subfield>
    <subfield code="p">04 003352</subfield>
    <subfield code="r">2013-05-22</subfield>
    <subfield code="t">2</subfield>
    <subfield code="w">2012-06-24</subfield>
    <subfield code="y">LB</subfield>
  </datafield>
  <datafield tag="952" ind1=" " ind2=" ">
    <subfield code="0">0</subfield>
    <subfield code="1">0</subfield>
    <subfield code="4">0</subfield>
    <subfield code="7">0</subfield>
    <subfield code="a">04</subfield>
    <subfield code="b">04</subfield>
    <subfield code="d">2011-08-16</subfield>
    <subfield code="l">1</subfield>
    <subfield code="o">Q180.A1 P76 1990</subfield>
    <subfield code="p">04 003515</subfield>
    <subfield code="r">2014-11-05</subfield>
    <subfield code="s">2014-11-05</subfield>
    <subfield code="t">3</subfield>
    <subfield code="w">2012-06-24</subfield>
    <subfield code="y">LB</subfield>
  </datafield>
  <datafield tag="952" ind1=" " ind2=" ">
    <subfield code="0">0</subfield>
    <subfield code="1">0</subfield>
    <subfield code="4">0</subfield>
    <subfield code="7">0</subfield>
    <subfield code="a">04</subfield>
    <subfield code="b">04</subfield>
    <subfield code="d">2011-08-16</subfield>
    <subfield code="l">0</subfield>
    <subfield code="o">Q180.A1 P76 1990</subfield>
    <subfield code="p">04 003516</subfield>
    <subfield code="r">2014-12-03</subfield>
    <subfield code="t">4</subfield>
    <subfield code="w">2012-06-24</subfield>
    <subfield code="y">LB</subfield>
  </datafield>
  <datafield tag="952" ind1=" " ind2=" ">
    <subfield code="0">0</subfield>
    <subfield code="1">0</subfield>
    <subfield code="4">0</subfield>
    <subfield code="7">0</subfield>
    <subfield code="a">04</subfield>
    <subfield code="b">04</subfield>
    <subfield code="d">2011-08-16</subfield>
    <subfield code="l">3</subfield>
    <subfield code="o">Q180.A1 P76 1990</subfield>
    <subfield code="p">04 003517</subfield>
    <subfield code="r">2018-08-02</subfield>
    <subfield code="s">2018-08-02</subfield>
    <subfield code="t">5</subfield>
    <subfield code="w">2012-06-24</subfield>
    <subfield code="y">LB</subfield>
  </datafield>
  <datafield tag="952" ind1=" " ind2=" ">
    <subfield code="0">0</subfield>
    <subfield code="1">0</subfield>
    <subfield code="4">0</subfield>
    <subfield code="7">0</subfield>
    <subfield code="a">04</subfield>
    <subfield code="b">04</subfield>
    <subfield code="d">2013-07-09</subfield>
    <subfield code="l">2</subfield>
    <subfield code="o">Q180.A1 P76 1990</subfield>
    <subfield code="p">04 004236</subfield>
    <subfield code="r">2015-10-20</subfield>
    <subfield code="s">2015-10-20</subfield>
    <subfield code="t">6</subfield>
    <subfield code="w">2013-07-09</subfield>
    <subfield code="y">LB</subfield>
  </datafield>
  <datafield tag="952" ind1=" " ind2=" ">
    <subfield code="0">0</subfield>
    <subfield code="1">0</subfield>
    <subfield code="4">0</subfield>
    <subfield code="7">0</subfield>
    <subfield code="a">04</subfield>
    <subfield code="b">04</subfield>
    <subfield code="d">2016-08-13</subfield>
    <subfield code="l">0</subfield>
    <subfield code="o">Q180.A1 P76 1990</subfield>
    <subfield code="p">04 006267</subfield>
    <subfield code="r">2016-08-13</subfield>
    <subfield code="t">7</subfield>
    <subfield code="w">2016-08-13</subfield>
    <subfield code="y">LB</subfield>
  </datafield>
  <datafield tag="952" ind1=" " ind2=" ">
    <subfield code="0">0</subfield>
    <subfield code="1">0</subfield>
    <subfield code="4">0</subfield>
    <subfield code="7">0</subfield>
    <subfield code="a">23</subfield>
    <subfield code="b">23</subfield>
    <subfield code="d">2017-07-25</subfield>
    <subfield code="l">0</subfield>
    <subfield code="o">Q180.A1  P76 1990</subfield>
    <subfield code="p">23 001185</subfield>
    <subfield code="r">2018-02-08</subfield>
    <subfield code="t">1</subfield>
    <subfield code="w">2017-07-25</subfield>
    <subfield code="y">LB</subfield>
  </datafield>
  <datafield tag="952" ind1=" " ind2=" ">
    <subfield code="0">0</subfield>
    <subfield code="1">0</subfield>
    <subfield code="4">0</subfield>
    <subfield code="7">0</subfield>
    <subfield code="a">23</subfield>
    <subfield code="b">23</subfield>
    <subfield code="d">2017-07-25</subfield>
    <subfield code="l">2</subfield>
    <subfield code="o">Q180.A1  P76 1990</subfield>
    <subfield code="p">23 001196</subfield>
    <subfield code="r">2023-09-08</subfield>
    <subfield code="s">2023-09-07</subfield>
    <subfield code="t">2</subfield>
    <subfield code="w">2017-07-25</subfield>
    <subfield code="y">LB</subfield>
  </datafield>
  <datafield tag="952" ind1=" " ind2=" ">
    <subfield code="0">0</subfield>
    <subfield code="1">0</subfield>
    <subfield code="4">0</subfield>
    <subfield code="7">0</subfield>
    <subfield code="a">23</subfield>
    <subfield code="b">23</subfield>
    <subfield code="d">2017-07-25</subfield>
    <subfield code="l">0</subfield>
    <subfield code="o">Q180.A1  P76 1990</subfield>
    <subfield code="p">23 001199</subfield>
    <subfield code="r">2018-08-20</subfield>
    <subfield code="t">3</subfield>
    <subfield code="w">2017-07-25</subfield>
    <subfield code="y">LB</subfield>
  </datafield>
  <datafield tag="952" ind1=" " ind2=" ">
    <subfield code="0">0</subfield>
    <subfield code="1">0</subfield>
    <subfield code="4">0</subfield>
    <subfield code="7">0</subfield>
    <subfield code="a">01</subfield>
    <subfield code="b">01</subfield>
    <subfield code="d">2018-07-09</subfield>
    <subfield code="l">0</subfield>
    <subfield code="o">001.42 P967p 1990</subfield>
    <subfield code="p">01 010008</subfield>
    <subfield code="r">2018-07-09</subfield>
    <subfield code="t">1</subfield>
    <subfield code="w">2018-07-09</subfield>
    <subfield code="y">LB</subfield>
  </datafield>
  <datafield tag="952" ind1=" " ind2=" ">
    <subfield code="0">0</subfield>
    <subfield code="1">0</subfield>
    <subfield code="4">0</subfield>
    <subfield code="7">0</subfield>
    <subfield code="a">01</subfield>
    <subfield code="b">01</subfield>
    <subfield code="d">2018-07-09</subfield>
    <subfield code="l">0</subfield>
    <subfield code="o">001.42 P967p 1990</subfield>
    <subfield code="p">01 010010</subfield>
    <subfield code="r">2018-07-09</subfield>
    <subfield code="t">2</subfield>
    <subfield code="w">2018-07-09</subfield>
    <subfield code="y">LB</subfield>
  </datafield>
  <datafield tag="952" ind1=" " ind2=" ">
    <subfield code="0">0</subfield>
    <subfield code="1">0</subfield>
    <subfield code="2">lcc</subfield>
    <subfield code="4">0</subfield>
    <subfield code="7">0</subfield>
    <subfield code="a">20</subfield>
    <subfield code="b">20</subfield>
    <subfield code="d">2018-07-28</subfield>
    <subfield code="l">0</subfield>
    <subfield code="o">Q180.A1 P76 1990</subfield>
    <subfield code="p">20 000803</subfield>
    <subfield code="r">2018-07-28</subfield>
    <subfield code="t">1</subfield>
    <subfield code="w">2018-07-28</subfield>
    <subfield code="y">LB</subfield>
  </datafield>
  <datafield tag="952" ind1=" " ind2=" ">
    <subfield code="0">0</subfield>
    <subfield code="1">0</subfield>
    <subfield code="2">lcc</subfield>
    <subfield code="4">0</subfield>
    <subfield code="7">0</subfield>
    <subfield code="a">20</subfield>
    <subfield code="b">20</subfield>
    <subfield code="d">2018-07-28</subfield>
    <subfield code="l">0</subfield>
    <subfield code="o">Q180.A1 P76 1990</subfield>
    <subfield code="p">20 000804</subfield>
    <subfield code="r">2018-07-28</subfield>
    <subfield code="t">2</subfield>
    <subfield code="w">2018-07-28</subfield>
    <subfield code="y">LB</subfield>
  </datafield>
  <datafield tag="952" ind1=" " ind2=" ">
    <subfield code="0">0</subfield>
    <subfield code="1">0</subfield>
    <subfield code="2">lcc</subfield>
    <subfield code="4">0</subfield>
    <subfield code="7">0</subfield>
    <subfield code="a">20</subfield>
    <subfield code="b">20</subfield>
    <subfield code="d">2018-07-28</subfield>
    <subfield code="l">0</subfield>
    <subfield code="o">Q180.A1 P76 1990</subfield>
    <subfield code="p">20 001496</subfield>
    <subfield code="r">2018-07-28</subfield>
    <subfield code="t">3</subfield>
    <subfield code="w">2018-07-28</subfield>
    <subfield code="y">LB</subfield>
  </datafield>
  <datafield tag="952" ind1=" " ind2=" ">
    <subfield code="0">0</subfield>
    <subfield code="1">0</subfield>
    <subfield code="2">lcc</subfield>
    <subfield code="4">0</subfield>
    <subfield code="7">0</subfield>
    <subfield code="a">20</subfield>
    <subfield code="b">20</subfield>
    <subfield code="d">2018-07-28</subfield>
    <subfield code="l">1</subfield>
    <subfield code="o">Q180.A1 P76 1990</subfield>
    <subfield code="p">20 002220</subfield>
    <subfield code="r">2019-07-17</subfield>
    <subfield code="s">2019-07-17</subfield>
    <subfield code="t">4</subfield>
    <subfield code="w">2018-07-28</subfield>
    <subfield code="y">LB</subfield>
  </datafield>
  <datafield tag="952" ind1=" " ind2=" ">
    <subfield code="0">0</subfield>
    <subfield code="1">0</subfield>
    <subfield code="2">lcc</subfield>
    <subfield code="4">0</subfield>
    <subfield code="7">0</subfield>
    <subfield code="a">20</subfield>
    <subfield code="b">20</subfield>
    <subfield code="d">2018-07-28</subfield>
    <subfield code="l">1</subfield>
    <subfield code="m">1</subfield>
    <subfield code="o">Q180.A1 P76 1990</subfield>
    <subfield code="p">20 002837</subfield>
    <subfield code="r">2024-10-14</subfield>
    <subfield code="s">2024-10-09</subfield>
    <subfield code="t">5</subfield>
    <subfield code="w">2018-07-28</subfield>
    <subfield code="y">LB</subfield>
  </datafield>
  <datafield tag="999" ind1=" " ind2=" ">
    <subfield code="c">62813</subfield>
    <subfield code="d">62813</subfield>
  </datafield>
  <controlfield tag="005">20231102150807.0</controlfield>
  <controlfield tag="008">120625s1990    mx            000 0 spa d</controlfield>
  <datafield tag="020" ind1=" " ind2=" ">
    <subfield code="a">9789682441004</subfield>
  </datafield>
  <datafield tag="050" ind1=" " ind2="4">
    <subfield code="a">Q180.A1</subfield>
    <subfield code="b">P76 1990</subfield>
  </datafield>
  <datafield tag="082" ind1=" " ind2=" ">
    <subfield code="a">001.42</subfield>
    <subfield code="b">P967p 1990</subfield>
  </datafield>
  <datafield tag="245" ind1="0" ind2="3">
    <subfield code="a">El protocolo de investigaci&#xF3;n</subfield>
    <subfield code="b"> : lineamientos para su elaboraci&#xF3;n y an&#xE1;lisis</subfield>
    <subfield code="c"> / Ignacio M&#xE9;ndez Ram&#xED;rez, Namihira Guerrero, Delia... [et al.]</subfield>
  </datafield>
  <datafield tag="250" ind1=" " ind2=" ">
    <subfield code="a">2a edici&#xF3;n</subfield>
  </datafield>
  <datafield tag="260" ind1="3" ind2=" ">
    <subfield code="a">M&#xE9;xico</subfield>
    <subfield code="b"> : Trillas</subfield>
    <subfield code="c"> , 1990</subfield>
  </datafield>
  <datafield tag="300" ind1=" " ind2=" ">
    <subfield code="a">210 p&#xE1;ginas</subfield>
    <subfield code="b">: ilustraciones</subfield>
  </datafield>
  <datafield tag="500" ind1=" " ind2=" ">
    <subfield code="a">Incluye:
&#xED;ndice de contenido
ap&#xE9;ndice (A-C)
&#xED;ndice anal&#xED;tico</subfield>
  </datafield>
  <datafield tag="504" ind1=" " ind2=" ">
    <subfield code="a">bibliograf&#xED;a  (pp. 203-204)</subfield>
  </datafield>
  <datafield tag="505" ind1="1" ind2=" ">
    <subfield code="a">Diferentes tipos de estudios 
Definici&#xF3;n del problema 
Instructivo espec&#xED;fico para la elaboraci&#xF3;n de cada protocolo
Instructivo general para la elaboraci&#xF3;n de la &#xFA;ltima parte de un protocolo
Formatos espec&#xED;ficos para cada uno de los problemas</subfield>
  </datafield>
  <datafield tag="519" ind1=" " ind2=" ">
    <subfield code="a">Plan Flexible / </subfield>
    <subfield code="b">Pedagog&#xED;a /</subfield>
    <subfield code="c">M&#xE9;todos Cualitativos y Cuantitativos en Investigaci&#xF3;n Pedag&#xF3;gica (M03) /</subfield>
    <subfield code="d">(04 003351)</subfield>
  </datafield>
  <datafield tag="519" ind1=" " ind2=" ">
    <subfield code="a">Plan Flexible /</subfield>
    <subfield code="b">Pedagog&#xED;a /</subfield>
    <subfield code="c">Seminario de Investigaci&#xF3;n Pedag&#xF3;gica I (M07- ) /</subfield>
    <subfield code="d">(04 003352)</subfield>
  </datafield>
  <datafield tag="519" ind1=" " ind2=" ">
    <subfield code="a">Plan Flexible /</subfield>
    <subfield code="b">Pedagog&#xED;a /</subfield>
    <subfield code="c">Seminario de Investigaci&#xF3;n II (M08-) /</subfield>
    <subfield code="d">(04 003515)</subfield>
  </datafield>
  <datafield tag="519" ind1=" " ind2=" ">
    <subfield code="a">Plan Flexible /</subfield>
    <subfield code="b">Psicolog&#xED;a /</subfield>
    <subfield code="c">Metodolog&#xED;a de la Investigaci&#xF3;n (M01) /</subfield>
    <subfield code="d">(04 003516)</subfield>
  </datafield>
  <datafield tag="519" ind1=" " ind2=" ">
    <subfield code="a">Educaci&#xF3;n Mixta /</subfield>
    <subfield code="b">Psicolog&#xED;a /</subfield>
    <subfield code="c">Metodolog&#xED;a de la Investigaci&#xF3;n (M01-) /</subfield>
    <subfield code="d">(04 004236)</subfield>
  </datafield>
  <datafield tag="519" ind1=" " ind2=" ">
    <subfield code="a">Educaci&#xF3;n Mixta /</subfield>
    <subfield code="b">Pedagog&#xED;a /</subfield>
    <subfield code="c">M&#xE9;todos Cualitativos y Cuantitativos en Investigaci&#xF3;n Pedag&#xF3;gica (M03- ) /</subfield>
    <subfield code="d">(04 006267)</subfield>
  </datafield>
  <datafield tag="519" ind1=" " ind2=" ">
    <subfield code="a">Educaci&#xF3;n Mixta /</subfield>
    <subfield code="b">Pedagog&#xED;a /</subfield>
    <subfield code="c">M&#xE9;todos Cualitativos y Cuantitativos en Investigaci&#xF3;n Pedag&#xF3;gica (M03-3) /</subfield>
    <subfield code="d">(23 001185)</subfield>
  </datafield>
  <datafield tag="519" ind1=" " ind2=" ">
    <subfield code="a">Educaci&#xF3;n Mixta /</subfield>
    <subfield code="b">Pedagog&#xED;a /</subfield>
    <subfield code="c">Seminario de Investigaci&#xF3;n Pedag&#xF3;gica I (M07-2) /</subfield>
    <subfield code="d">(23 001196)</subfield>
  </datafield>
  <datafield tag="519" ind1=" " ind2=" ">
    <subfield code="a">Educaci&#xF3;n Mixta /</subfield>
    <subfield code="b">Pedagog&#xED;a /</subfield>
    <subfield code="c">Seminario de Investigaci&#xF3;n Pedag&#xF3;gica II (M08-2) /</subfield>
    <subfield code="d">(23 001199)</subfield>
  </datafield>
  <datafield tag="519" ind1=" " ind2=" ">
    <subfield code="a">Plan Flexible / </subfield>
    <subfield code="b">Pedagog&#xED;a / </subfield>
    <subfield code="c">Seminario de investigaci&#xF3;n pedag&#xF3;gica I (M07) / </subfield>
    <subfield code="d">(20 000803, 20 000804, 20 001496)</subfield>
  </datafield>
  <datafield tag="519" ind1=" " ind2=" ">
    <subfield code="a">Educaci&#xF3;n Mixta / </subfield>
    <subfield code="b">Pedagog&#xED;a / </subfield>
    <subfield code="c">Seminario de investigaci&#xF3;n pedag&#xF3;gica I (M07) / </subfield>
    <subfield code="d">(20 002220)</subfield>
  </datafield>
  <datafield tag="519" ind1=" " ind2=" ">
    <subfield code="a">Educaci&#xF3;n Mixta / </subfield>
    <subfield code="b">Administraci&#xF3;n / </subfield>
    <subfield code="c">Metodolog&#xED;a de la investigaci&#xF3;n (M02) / </subfield>
    <subfield code="d">(20 002837)</subfield>
  </datafield>
  <datafield tag="519" ind1=" " ind2=" ">
    <subfield code="a">Material Complementario /</subfield>
    <subfield code="d">(01 010008, 01 010010)</subfield>
  </datafield>
  <datafield tag="650" ind1="1" ind2="4">
    <subfield code="a">INVESTIGACI&#xD3;N</subfield>
    <subfield code="v">METODOLOG&#xCD;A</subfield>
  </datafield>
  <datafield tag="650" ind1="2" ind2="4">
    <subfield code="a">CIENCIA</subfield>
    <subfield code="v">METODOLOG&#xCD;A</subfield>
  </datafield>
  <datafield tag="700" ind1="1" ind2=" ">
    <subfield code="a">M&#xE9;ndez Ram&#xED;rez, Ignacio</subfield>
    <subfield code="e">autor</subfield>
  </datafield>
  <datafield tag="700" ind1="1" ind2=" ">
    <subfield code="a">Namihira Guerrero, Delia</subfield>
    <subfield code="e">autor</subfield>
  </datafield>
  <datafield tag="942" ind1=" " ind2=" ">
    <subfield code="c">LB</subfield>
    <subfield code="2">lcc</subfield>
  </datafield>
</record>
